000 00746nam a2200241 a 4500
005 20240925063759.0
008 020610s1998 mx r 000 0 spa d
020 _a847738469X
035 _aUPN01000117804
049 _aCG
050 4 _aQA90
_bL3.3
100 1 _aLacasta Zabalza, Eduardo
245 1 4 _aLas funciones en los gráficos cartesianos /
_cEduardo Lacasta Zabalzas, José Ramón Pascual Bonis.
260 _aMadrid :
_bSíntesis,
_c1998.
300 _a176 p. :
_bgrafs.
440 0 _aEducación matemática en secundaria;
_v4
650 4 _aMETODOS GRAFICOS
650 4 _aMatemáticas
_xEstudio y enseñanza
_93601
700 1 _aPascual, José Ramón,
_ecoaut.
901 _a193179/193180
902 _aMITM/cps
905 _aLibro
999 _c90239
_d90239